Statistics for Physical Geography by Letter - A

Click here to take the quiz!

General Stats

  • This quiz has been taken 1,423 times
    (1,410 since last reset)
  • The average score is 14 of 20

Answer Stats

ClueAnswer% Correct
Most massive riverAmazon
98%
Southernmost continentAntarctica
90%
Often frozen{Arctic} Ocean
89%
Longest mountain rangeAndes
88%
Separating the Americas between Europe and AfricaAtlantic Ocean
82%
Sea between Greece and TurkeyAegean Sea
81%
Situated between Croatia and ItalyAdriatic Sea
80%
Group of islandsArchipelago
77%
Portuguese islands in the middle of the AtlanticAzores
72%
Mountain range mainly situated in MoroccoAtlas Mountains
70%
Mainly covered in desert with lots of oil underneathArabian Peninsula
69%
Uluru in the middle of Australia{Ayer's} Rock
69%
Mountain range that stretches
from Labrador to Alabama
Appalachian Mountains
68%
Rapid moving slab of snowAvalanche
62%
Ring shaped island, often found in coral reefsAtoll
61%
Formed when Africa collided with the Eurasian plateAlps
56%
Driest place on EarthAtacama Desert
55%
Lake that has almost disappeared due to irrigationAral Sea
50%
Tallest mountain outside AsiaAconcagua
36%
Ocean current that flows down East AfricaAgulhas Current
4%

Score Distribution

Percentile by Number Answered

Percent of People with Each Score

Your Score History

You have not taken this quiz since the last reset